Logo CIB grande

MANUALES PARA EDUCACION AGROPECUARIA : ELABORACION DE PRODUCTOS AGRICOLAS (Registro nro. 215212)

Detalles MARC
000 -LEADER
campo de control de longitud fija 00861nam a2200253Ia 4500
005 - FECHA Y HORA DE LA ÚLTIMA TRANSACCIÓN
campo de control 20250425161737.0
008 - DATOS DE LONGITUD FIJA--INFORMACIÓN GENERAL
campo de control de longitud fija 250425s9999 xx 000 0 und d
020 ## - NÚMERO INTERNACIONAL ESTÁNDAR DEL LIBRO
Número Internacional Estándar del Libro 9682436354
041 ## - CÓDIGO DE IDIOMA
Código de lengua del texto/banda sonora o título independiente spa
082 ## - NÚMERO DE LA CLASIFICACIÓN DECIMAL DEWEY
Número de clasificación 631
010 ## - NÚMERO DE CONTROL DE LA BIBLIOTECA DEL CONGRESO
Número de control de LC 27157
100 ## - ENTRADA PRINCIPAL--NOMBRE DE PERSONA
Nombre de persona MEYER, MARCO R.
245 #0 - MENCIÓN DEL TÍTULO
Título MANUALES PARA EDUCACION AGROPECUARIA : ELABORACION DE PRODUCTOS AGRICOLAS
250 ## - MENCION DE EDICION
Mención de edición 2A ED.
260 ## - PUBLICACIÓN, DISTRIBUCIÓN, ETC.
Lugar de publicación, distribución, etc. MEXICO
260 ## - PUBLICACIÓN, DISTRIBUCIÓN, ETC.
Lugar de publicación, distribución, etc. México
Nombre del editor, distribuidor, etc. TRILLAS
Fecha de publicación, distribución, etc. 1990
300 ## - DESCRIPCIÓN FÍSICA
Extensión 108
520 ## - RESUMEN, ETC.
Sumario, etc. LA TEMATICA DE ESTE LIBRO TRATA SOBRE LA MANERA COMO LOS PRODUCTOS DESPUES DE COSECHADOS PASAN POR DIFERENTES PROCESOS PARA LOGRAR OBTENER UN PRODUTO FINAL EL CUAL POSEA TODAS LAS CONDICIONES ADECUADAS PARA EL MOMENTO DE SU VENTA.CONTENIDO: CONSERVAC
650 ## - PUNTO DE ACCESO ADICIONAL DE MATERIA--TÉRMINO DE MATERIA
Término de materia o nombre geográfico como elemento de entrada ACEITES VEGETALES
650 ## - PUNTO DE ACCESO ADICIONAL DE MATERIA--TÉRMINO DE MATERIA
Término de materia o nombre geográfico como elemento de entrada AZUCAR
650 ## - PUNTO DE ACCESO ADICIONAL DE MATERIA--TÉRMINO DE MATERIA
Término de materia o nombre geográfico como elemento de entrada CEREALES
650 ## - PUNTO DE ACCESO ADICIONAL DE MATERIA--TÉRMINO DE MATERIA
Término de materia o nombre geográfico como elemento de entrada PRODUCTOS AGRICOLAS
942 ## - ELEMENTOS DE ENTRADA SECUNDARIOS (KOHA)
Tipo de ítem Koha Libros
Existencias
Estatus retirado Estado de pérdida Estado de daño No para préstamo Biblioteca de origen Biblioteca actual Fecha de adquisición Coste, precio normal de compra Total de préstamos Código de barras Copia número
        FACULTAD DE INGENIERIA MECANICA Y CIENCIAS DE LA PRODUCCION FACULTAD DE INGENIERIA MECANICA Y CIENCIAS DE LA PRODUCCION 27/11/2003 9.00   50122 1
        FACULTAD DE INGENIERIA MECANICA Y CIENCIAS DE LA PRODUCCION FACULTAD DE INGENIERIA MECANICA Y CIENCIAS DE LA PRODUCCION 27/11/2003 9.00   50123 2

Copyright 2025 ESPOL. Todos los derechos reservados.